000 00510cam a22002054a 4500
005 20250605164318.0
008 250528s ||||||||||||||||||||||||d
035 _a22768
020 _a9781557987877
040 _aGR-AtMCL
_bgre
_dGR-AtMCL
_eAACR2
245 1 _aHUMANISTIC PSYCHOTHERAPIES
250 _a1
260 _bAmerican Psychological Association,
_c2001
300 _a701
700 1 _aCain David J
_9156
700 1 _aSeeman Julius
_9157
942 _cBK
999 _c7813
_d7813